| Поле | Название | Значение |
| |
Тип записи |
a |
| |
Библиографический уровень |
m |
| 001 |
Контрольный номер |
RU\infra-m\znanium\bibl\2220958 |
| 005 |
Дата корректировки |
20260429142348.2 |
| 008 |
Кодируемые данные |
250827s2025 RU g rus u |
| 020 |
Индекс ISBN |
__ |
| a |
ISBN |
978-5-91768-348-5 |
| 020 |
Индекс ISBN |
__ |
| a |
ISBN |
978-5-16-107395-7 (электр. издание) |
| 020 |
Индекс ISBN |
__ |
| a |
ISBN |
978-5-16-006416-1 (ISBN соиздателя) |
| 040 |
Источник каталогиз. |
__ |
| a |
Служба первич. каталог. |
Общество с ограниченной ответственностью «ЗНАНИУМ» |
| 041 |
Код языка издания |
__ |
| a |
Код языка текста |
rus |
| 044 |
Код страны публикации |
__ |
| a |
Код страны публикации |
RU |
| 080 |
Индекс УДК |
__ |
| a |
Индекс УДК |
316.628(075.8) |
| 084 |
Индекс другой классификации/Индекс ББК |
__ |
| 2 |
Источник индекса |
rubbk |
| a |
Индекс другой классификации/Индекс ББК |
87.525.2я73 |
| 084 |
Индекс другой классификации/Индекс ББК |
__ |
| 2 |
Источник индекса |
okso |
| a |
Индекс другой классификации/Индекс ББК |
38.03.02 |
| 084 |
Индекс другой классификации/Индекс ББК |
__ |
| 2 |
Источник индекса |
okso |
| a |
Индекс другой классификации/Индекс ББК |
38.03.03 |
| 084 |
Индекс другой классификации/Индекс ББК |
__ |
| 2 |
Источник индекса |
okso |
| a |
Индекс другой классификации/Индекс ББК |
38.04.02 |
| 084 |
Индекс другой классификации/Индекс ББК |
__ |
| 2 |
Источник индекса |
okso |
| a |
Индекс другой классификации/Индекс ББК |
38.04.03 |
| 084 |
Индекс другой классификации/Индекс ББК |
__ |
| 2 |
Источник индекса |
okso |
| a |
Индекс другой классификации/Индекс ББК |
41.03.06 |
| 084 |
Индекс другой классификации/Индекс ББК |
__ |
| 2 |
Источник индекса |
okso |
| a |
Индекс другой классификации/Индекс ББК |
43.03.01 |
| 084 |
Индекс другой классификации/Индекс ББК |
__ |
| 2 |
Источник индекса |
okso |
| a |
Индекс другой классификации/Индекс ББК |
43.03.02 |
| 084 |
Индекс другой классификации/Индекс ББК |
__ |
| 2 |
Источник индекса |
okso |
| a |
Индекс другой классификации/Индекс ББК |
43.03.03 |
| 084 |
Индекс другой классификации/Индекс ББК |
__ |
| 2 |
Источник индекса |
okso |
| a |
Индекс другой классификации/Индекс ББК |
43.04.01 |
| 084 |
Индекс другой классификации/Индекс ББК |
__ |
| 2 |
Источник индекса |
okso |
| a |
Индекс другой классификации/Индекс ББК |
43.04.02 |
| 084 |
Индекс другой классификации/Индекс ББК |
__ |
| 2 |
Источник индекса |
okso |
| a |
Индекс другой классификации/Индекс ББК |
43.04.03 |
| 100 |
Автор |
__ |
| a |
Автор |
Генкин Б. М. |
| q |
Полное имя |
Генкин Борис Михайлович |
| u |
Дополнение |
Санкт-Петербургский государственный экономический университет |
| 245 |
Заглавие |
__ |
| a |
Заглавие |
Человек и его потребности |
| b |
Продолж. заглавия |
Учебное пособие |
| c |
Ответственность |
Санкт-Петербургский государственный экономический университет |
| 250 |
Сведения об издании |
__ |
| a |
Основные сведения об издании |
1 |
| 260 |
Выходные данные |
__ |
| a |
Место издания |
Москва |
| b |
Издательство |
ООО "Юридическое издательство Норма" |
| c |
Дата издания |
2026 |
| 300 |
Физическое описание |
__ |
| a |
Объем |
256 с. |
| 520 |
Аннотация |
__ |
| a |
Аннотация |
Управление современными организациями основано на анализе потребностей целей и ценностей человека. Теоретические и методические основы такого анализа составляют основное содержание этой книги. Изложение учебного материала направлено на формирование компетенций предусмотренных Государственным стандартом высшего образования для направлений подготовки «Туризм» «Сервис» «Управление персоналом». Для студентов аспирантов и преподавателей экономических вузов и факультетов. |
| 521 |
Примеч. о цел. назн. |
__ |
| a |
Примеч. о целев. назн. |
ВО - Бакалавриат |
| 650 |
Тематические рубрики |
__ |
| a |
Основная рубрика |
Управление (менеджмент) |
| x |
Основная подрубрика |
Управление персоналом |
| 655 |
Указ. предметных рубрик (устаревшее) |
__ |
| a |
Жанр/ форма (устаревшее) |
Учебное пособие |
| 856 |
Электронный адрес документа |
4_ |
| a |
Имя сервера/домена |
znanium.ru |
| m |
Помощь |
ebs_support@infra-m.ru |
| n |
Местонахождение сервера |
НИЦ ИНФРА-М |
| u |
URL |
https://znanium.ru/catalog/document?id=468682 |
| 856 |
Электронный адрес документа |
48 |
| a |
Имя сервера/домена |
znanium.ru |
| d |
Путь |
/cover/2220 |
| f |
Электронное имя |
2220958.jpg |
| q |
Тип электронного формата |
image/jpeg |
| u |
URL |
https://znanium.ru/cover/2220/2220958.jpg |
| 911 |
|
__ |
| u |
|
0030=https://znanium.ru/catalog/document?id=468682 |